[Event "European Chess Club Cup 2023"]
[Site "Durres, Albania"]
[Date "2023.10.01"]
[Round "1.1"]
[White "Deac, Bogdan-Daniel"]
[Black "Yaniv, Yuval"]
[Result "1-0"]
[TimeControl "90' + 30' & 30\""]
[WhiteElo "2701"]
[BlackElo "2382"]

1. e4 {[%clk 01:30:57]} {[%emt 00:00:03]} c5 {[%clk 01:30:32]} {[%emt
00:00:28]} 2. h3 {[%clk 01:31:15]} {[%emt 00:00:14]} d6 {[%clk 01:27:37]}
{[%emt 00:03:23]} 3. Bb5+ {[%clk 01:31:28]} {[%emt 00:00:17]} Bd7 {[%clk
01:27:23]} {[%emt 00:00:43]} 4. c4 {[%clk 01:31:15]} {[%emt 00:00:44]} Nc6
{[%clk 01:23:30]} {[%emt 00:04:29]} 5. Ne2 {[%clk 01:30:25]} {[%emt 00:01:14]}
g6 {[%clk 01:18:44]} {[%emt 00:05:15]} 6. O-O {[%clk 01:19:14]} {[%emt
00:11:41]} Bg7 {[%clk 01:18:15]} {[%emt 00:00:59]} 7. d3 {[%clk 01:15:57]}
{[%emt 00:03:47]} Nf6 {[%clk 01:16:42]} {[%emt 00:02:03]} 8. Be3 {[%clk
01:10:37]} {[%emt 00:05:51]} O-O {[%clk 01:14:25]} {[%emt 00:02:45]} 9. Nbc3
{[%clk 01:10:13]} {[%emt 00:00:55]} a6 {[%clk 01:10:39]} {[%emt 00:04:15]} 10.
Ba4 {[%clk 01:08:04]} {[%emt 00:02:39]} Rb8 {[%clk 01:09:03]} {[%emt 00:02:06]}
11. f4 {[%clk 01:05:36]} {[%emt 00:02:58]} Ne8 {[%clk 00:52:25]} {[%emt
00:17:07]} 12. f5 {[%clk 00:43:25]} {[%emt 00:22:43]} Nc7 {[%clk 00:48:36]}
{[%emt 00:04:18]} 13. Bxc6 {[%clk 00:42:40]} {[%emt 00:01:22]} Bxc6 {[%clk
00:44:41]} {[%emt 00:04:17]} 14. Qd2 {[%clk 00:37:43]} {[%emt 00:05:28]} e6
{[%clk 00:30:38]} {[%emt 00:14:33]} 15. Bh6 {[%clk 00:28:22]} {[%emt 00:09:52]}
exf5 {[%clk 00:28:01]} {[%emt 00:03:07]} 16. exf5 {[%clk 00:27:03]} {[%emt
00:01:49]} Bxh6 {[%clk 00:20:27]} {[%emt 00:08:04]} 17. Qxh6 {[%clk 00:27:28]}
{[%emt 00:00:05]} Qf6 {[%clk 00:20:52]} {[%emt 00:00:05]} 18. Rf2 {[%clk
00:26:31]} {[%emt 00:01:27]} Qg7 {[%clk 00:18:53]} {[%emt 00:02:29]} 19. Qh4
{[%clk 00:26:03]} {[%emt 00:00:58]} Rfe8 {[%clk 00:16:28]} {[%emt 00:02:55]} 20.
d4 {[%clk 00:22:12]} {[%emt 00:04:22]} cxd4 {[%clk 00:11:29]} {[%emt 00:05:29]}
21. Nxd4 {[%clk 00:20:04]} {[%emt 00:02:38]} Re5 {[%clk 00:11:20]} {[%emt
00:00:38]} 22. Raf1 {[%clk 00:14:02]} {[%emt 00:06:33]} gxf5 {[%clk 00:09:55]}
{[%emt 00:01:54]} 23. Nxc6 {[%clk 00:10:05]} {[%emt 00:04:27]} bxc6 {[%clk
00:10:23]} {[%emt 00:00:02]} 24. Rf3 {[%clk 00:09:26]} {[%emt 00:01:09]} Re6
{[%clk 00:06:44]} {[%emt 00:04:10]} 25. Qf2 {[%emt 00:04:33]} Rbe8 {[%clk
00:04:01]} 26. Qb6 {[%clk 00:03:08]} {[%emt 00:05:58]} R8e7 {[%clk 00:03:31]}
{[%emt 00:01:00]} 27. Rxf5 {[%clk 00:03:34]} {[%emt 00:00:03]} c5 {[%clk
00:02:15]} {[%emt 00:01:47]} 28. Qb8+ {[%clk 00:03:46]} {[%emt 00:00:18]} Qf8
{[%clk 00:02:20]} {[%emt 00:00:25]} 29. Qb6 {[%clk 00:02:18]} {[%emt 00:01:59]}
Rg6 {[%clk 00:02:25]} {[%emt 00:00:24]} 30. Qc6 {[%clk 00:01:44]} {[%emt
00:01:04]} Qg7 {[%clk 00:01:47]} {[%emt 00:01:09]} 31. Kh1 {[%clk 00:01:18]}
{[%emt 00:00:55]} Rge6 {[%clk 00:00:39]} {[%emt 00:01:39]} 32. R5f4 {[%clk
00:01:02]} {[%emt 00:00:46]} h6 {[%clk 00:00:35]} {[%emt 00:00:34]} 33. Ne4
{[%clk 00:00:44]} {[%emt 00:00:48]} Ne8 {[%clk 00:00:37]} {[%emt 00:00:29]} 34.
Qa8 {[%clk 00:00:31]} {[%emt 00:00:42]} Kh7 {[%clk 00:00:50]} {[%emt 00:00:16]}
35. Qd5 {[%clk 00:00:34]} {[%emt 00:00:28]} Nc7 {[%clk 00:00:34]} {[%emt
00:00:47]} 36. Qd3 {[%clk 00:00:34]} {[%emt 00:00:29]} Kh8 {[%clk 00:00:38]}
{[%emt 00:00:27]} 37. Nxd6 {[%clk 00:00:38]} {[%emt 00:00:25]} Qg6 {[%clk
00:00:32]} {[%emt 00:00:36]} 38. Nxf7+ {[%clk 00:00:43]} {[%emt 00:00:25]} Kh7
{[%clk 00:00:40]} {[%emt 00:00:21]} 39. Ne5 {[%clk 00:00:37]} {[%emt 00:00:36]}
Qxd3 {[%clk 00:00:58]} {[%emt 00:00:13]} 40. Nxd3 {[%clk 00:01:02]} {[%emt
00:00:05]} Ne8 {[%clk 00:00:32]} {[%emt 00:00:56]} 41. Nxc5 {[%clk 00:01:00]}
{[%emt 00:00:32]} Rc6 {[%clk 00:29:42]} {[%emt 00:01:19]} 42. Nd3 {[%clk
00:31:09]} {[%emt 00:00:21]} Nd6 {[%clk 00:25:30]} {[%emt 00:04:43]} 43. b3
{[%clk 00:30:58]} {[%emt 00:00:41]} Ne4 {[%clk 00:25:41]} {[%emt 00:00:19]} 44.
Rf7+ {[%clk 00:30:37]} {[%emt 00:00:51]} Rxf7 {[%clk 00:26:03]} {[%emt
00:00:08]} 45. Rxf7+ {[%clk 00:31:06]} {[%emt 00:00:02]} Kg8 {[%clk 00:26:17]}
{[%emt 00:00:15]} 46. Re7 {[%clk 00:31:31]} {[%emt 00:00:05]} 1-0

[Event "European Chess Club Cup 2023"]
[Site "Durres, Albania"]
[Date "2023.10.01"]
[Round "1.2"]
[White "Guz, Ari"]
[Black "Van Foreest, Jorden"]
[Result "0-1"]
[TimeControl "90' + 30' & 30\""]
[WhiteElo "2309"]
[BlackElo "2707"]

1. d4 {[%clk 01:30:12]} {[%emt 00:00:45]} Nf6 {[%clk 01:30:48]} {[%emt
00:00:12]} 2. c4 {[%clk 01:30:31]} {[%emt 00:00:12]} e6 {[%clk 01:31:01]}
{[%emt 00:00:15]} 3. Nf3 {[%clk 01:30:46]} {[%emt 00:00:15]} d5 {[%clk
01:30:58]} {[%emt 00:00:33]} 4. Nc3 {[%clk 01:31:02]} {[%emt 00:00:14]} c6
{[%clk 01:30:54]} {[%emt 00:00:35]} 5. e3 {[%clk 01:30:37]} {[%emt 00:00:56]}
Nbd7 {[%clk 01:30:09]} {[%emt 00:01:13]} 6. Bd3 {[%clk 01:28:29]} {[%emt
00:02:38]} dxc4 {[%clk 01:30:29]} {[%emt 00:00:10]} 7. Bxc4 {[%clk 01:28:56]}
{[%emt 00:00:03]} b5 {[%clk 01:30:48]} {[%emt 00:00:11]} 8. Bd3 {[%clk
01:29:18]} {[%emt 00:00:09]} Bb7 {[%clk 01:29:59]} {[%emt 00:01:29]} 9. O-O
{[%clk 01:29:13]} {[%emt 00:00:28]} a6 {[%clk 01:30:03]} {[%emt 00:00:23]} 10.
e4 {[%clk 01:29:34]} {[%emt 00:00:09]} c5 {[%clk 01:30:02]} {[%emt 00:00:31]}
11. d5 {[%clk 01:29:55]} {[%emt 00:00:09]} c4 {[%clk 01:29:54]} {[%emt
00:00:38]} 12. dxe6 {[%clk 01:30:17]} {[%emt 00:00:08]} fxe6 {[%clk 01:29:26]}
{[%emt 00:00:58]} 13. Bc2 {[%clk 01:30:45]} {[%emt 00:00:02]} Qc7 {[%clk
01:18:30]} {[%emt 00:11:25]} 14. Nd4 {[%clk 01:22:22]} {[%emt 00:08:53]} Nc5
{[%clk 01:18:10]} {[%emt 00:00:50]} 15. Qe2 {[%clk 01:20:47]} {[%emt 00:02:05]}
e5 {[%clk 01:04:39]} {[%emt 00:14:02]} 16. Nf3 {[%clk 01:09:14]} {[%emt
00:12:03]} O-O-O {[%clk 00:53:57]} {[%emt 00:11:12]} 17. Be3 {[%clk 01:02:19]}
{[%emt 00:07:24]} Ne6 {[%clk 00:53:52]} {[%emt 00:00:36]} 18. Ng5 {[%clk
00:59:56]} {[%emt 00:02:54]} Nd4 {[%clk 00:49:31]} {[%emt 00:04:50]} 19. Bxd4
{[%clk 00:59:50]} {[%emt 00:00:39]} exd4 {[%clk 00:49:07]} {[%emt 00:00:51]} 20.
Ne6 {[%clk 00:58:09]} {[%emt 00:02:11]} d3 {[%clk 00:47:27]} {[%emt 00:02:11]}
21. Qf3 {[%clk 00:54:45]} {[%emt 00:03:53]} Qe5 {[%clk 00:46:01]} {[%emt
00:01:57]} 22. Nxd8 {[%clk 00:55:03]} {[%emt 00:00:11]} Bd6 {[%clk 00:46:22]}
{[%emt 00:00:09]} 23. Qh3+ {[%clk 00:53:42]} {[%emt 00:01:51]} Kxd8 {[%clk
00:46:46]} {[%emt 00:00:06]} 24. Bd1 {[%clk 00:49:06]} {[%emt 00:05:05]} Re8
{[%clk 00:42:11]} {[%emt 00:05:06]} 25. Rc1 {[%clk 00:28:14]} {[%emt 00:21:21]}
Qg5 {[%clk 00:41:19]} {[%emt 00:01:23]} 26. Qe3 {[%clk 00:26:12]} {[%emt
00:02:32]} Qxe3 {[%clk 00:41:01]} {[%emt 00:00:48]} 27. fxe3 {[%clk 00:26:33]}
{[%emt 00:00:09]} Bc5 {[%clk 00:41:27]} {[%emt 00:00:03]} 28. Ra1 {[%clk
00:22:22]} {[%emt 00:04:41]} Bxe3+ {[%clk 00:41:13]} {[%emt 00:00:45]} 29. Kh1
{[%clk 00:22:44]} {[%emt 00:00:08]} b4 {[%clk 00:39:48]} {[%emt 00:01:56]} 30.
Na4 {[%clk 00:20:33]} {[%emt 00:02:40]} Nxe4 {[%clk 00:39:53]} {[%emt
00:00:25]} 31. Bf3 {[%clk 00:20:19]} {[%emt 00:00:44]} Bc6 {[%clk 00:39:53]}
{[%emt 00:00:29]} 0-1

[Event "European Chess Club Cup 2023"]
[Site "Durres, Albania"]
[Date "2023.10.01"]
[Round "1.3"]
[White "Fedoseev, Vladimir"]
[Black "Ribshtein, Nati"]
[Result "1-0"]
[TimeControl "90' + 30' & 30\""]
[WhiteElo "2691"]
[BlackElo "2252"]

1. c4 {[%clk 01:30:37]} {[%emt 00:00:22]} g6 {[%clk 01:30:30]} {[%emt
00:00:32]} 2. e4 {[%clk 01:29:04]} {[%emt 00:02:01]} Bg7 {[%clk 01:29:35]}
{[%emt 00:01:25]} 3. d4 {[%clk 01:29:15]} {[%emt 00:00:19]} d6 {[%clk
01:29:45]} {[%emt 00:00:20]} 4. Ne2 {[%clk 01:28:33]} {[%emt 00:01:11]} Nf6
{[%clk 01:27:00]} {[%emt 00:03:15]} 5. Nec3 {[%clk 01:25:54]} {[%emt 00:03:09]}
O-O {[%clk 01:24:55]} {[%emt 00:02:36]} 6. Be2 {[%clk 01:26:20]} {[%emt
00:00:04]} Nc6 {[%clk 01:18:22]} {[%emt 00:07:03]} 7. d5 {[%clk 01:26:21]}
{[%emt 00:00:29]} Ne5 {[%clk 01:17:58]} {[%emt 00:00:53]} 8. O-O {[%clk
01:26:25]} {[%emt 00:00:27]} c6 {[%clk 01:12:30]} {[%emt 00:06:03]} 9. h3
{[%clk 01:23:00]} {[%emt 00:03:49]} cxd5 {[%clk 01:05:01]} {[%emt 00:08:00]} 10.
cxd5 {[%clk 01:21:39]} {[%emt 00:01:51]} e6 {[%clk 00:50:26]} {[%emt 00:15:05]}
11. f4 {[%clk 01:16:11]} {[%emt 00:05:57]} Ned7 {[%clk 00:49:41]} {[%emt
00:01:16]} 12. dxe6 {[%clk 01:16:32]} {[%emt 00:00:09]} Qb6+ {[%clk 00:50:04]}
{[%emt 00:00:06]} 13. Kh2 {[%clk 01:15:33]} {[%emt 00:01:29]} fxe6 {[%clk
00:50:29]} {[%emt 00:00:06]} 14. Na3 {[%clk 01:15:28]} {[%emt 00:00:35]} Nc5
{[%clk 00:43:41]} {[%emt 00:07:18]} 15. Nc4 {[%clk 01:10:17]} {[%emt 00:05:41]}
Qc6 {[%clk 00:42:11]} {[%emt 00:02:00]} 16. e5 {[%clk 01:10:31]} {[%emt
00:00:16]} dxe5 {[%clk 00:34:40]} {[%emt 00:08:01]} 17. Nxe5 {[%clk 01:10:45]}
{[%emt 00:00:15]} Qc7 {[%clk 00:32:59]} {[%emt 00:02:11]} 18. Be3 {[%clk
01:09:55]} {[%emt 00:01:21]} Rd8 {[%clk 00:31:29]} {[%emt 00:02:00]} 19. Nb5
{[%clk 01:06:51]} {[%emt 00:03:33]} Qa5 {[%clk 00:30:46]} {[%emt 00:01:13]} 20.
Qc1 {[%clk 01:04:55]} {[%emt 00:02:26]} Na6 {[%clk 00:25:51]} {[%emt 00:05:26]}
21. a3 {[%clk 01:02:29]} {[%emt 00:02:56]} Nd5 {[%clk 00:22:36]} {[%emt
00:03:44]} 22. Bd4 {[%clk 01:02:04]} {[%emt 00:00:55]} Ndc7 {[%clk 00:12:37]}
{[%emt 00:10:30]} 23. b4 {[%clk 01:01:53]} {[%emt 00:00:42]} Qa4 {[%clk
00:13:03]} {[%emt 00:00:04]} 24. Nxc7 {[%clk 01:01:24]} {[%emt 00:00:58]} Nxc7
{[%clk 00:13:25]} {[%emt 00:00:08]} 25. Qxc7 {[%clk 01:01:23]} {[%emt
00:00:31]} Rxd4 {[%clk 00:13:48]} {[%emt 00:00:07]} 26. Rad1 {[%clk 01:01:41]}
{[%emt 00:00:11]} Bxe5 {[%clk 00:05:07]} {[%emt 00:09:12]} 27. fxe5 {[%clk
01:02:10]} {[%emt 00:00:01]} Rd7 {[%clk 00:04:48]} {[%emt 00:00:50]} 28. Qc5
{[%clk 01:02:30]} {[%emt 00:00:09]} 1-0

[Event "European Chess Club Cup 2023"]
[Site "Durres, Albania"]
[Date "2023.10.01"]
[Round "1.4"]
[White "Barak, Gil"]
[Black "Shevchenko, Kirill"]
[Result "0-1"]
[TimeControl "90' + 30' & 30\""]
[WhiteElo "2157"]
[BlackElo "2671"]

1. d4 {[%clk 01:30:54]} {[%emt 00:00:03]} Nf6 {[%clk 01:30:53]} {[%emt
00:00:07]} 2. Bf4 {[%clk 01:30:58]} {[%emt 00:00:26]} g6 {[%clk 01:29:13]}
{[%emt 00:02:11]} 3. Nc3 {[%clk 01:30:50]} {[%emt 00:00:37]} d5 {[%clk
01:29:26]} {[%emt 00:00:17]} 4. e3 {[%clk 01:30:26]} {[%emt 00:00:53]} c6
{[%clk 01:29:32]} {[%emt 00:00:26]} 5. h3 {[%clk 01:30:08]} {[%emt 00:00:49]}
Qb6 {[%clk 01:24:14]} {[%emt 00:05:46]} 6. Rb1 {[%clk 01:21:29]} {[%emt
00:09:08]} Bg7 {[%clk 01:19:30]} {[%emt 00:05:15]} 7. Nf3 {[%clk 01:20:36]}
{[%emt 00:01:23]} O-O {[%clk 01:18:27]} {[%emt 00:01:33]} 8. Be2 {[%clk
01:16:49]} {[%emt 00:04:18]} Bf5 {[%clk 01:05:02]} {[%emt 00:13:54]} 9. O-O
{[%clk 01:11:12]} {[%emt 00:06:07]} Re8 {[%clk 01:05:25]} {[%emt 00:00:07]} 10.
Ne5 {[%clk 01:08:44]} {[%emt 00:02:58]} Nfd7 {[%clk 01:04:42]} {[%emt
00:01:17]} 11. Nxd7 {[%clk 00:47:36]} {[%emt 00:21:33]} Nxd7 {[%clk 01:04:24]}
{[%emt 00:00:49]} 12. Bg4 {[%clk 00:46:02]} {[%emt 00:02:05]} Bxg4 {[%clk
01:04:18]} {[%emt 00:00:35]} 13. Qxg4 {[%emt 00:05:54]} f5 {[%clk 00:59:25]} 14.
Qg3 {[%clk 00:41:43]} {[%emt 00:04:48]} e5 {[%clk 00:58:15]} {[%emt 00:01:40]}
15. dxe5 {[%clk 00:42:07]} {[%emt 00:00:07]} Nxe5 {[%clk 00:58:34]} {[%emt
00:00:10]} 16. Bxe5 {[%clk 00:33:53]} {[%emt 00:08:43]} Bxe5 {[%clk 00:58:28]}
{[%emt 00:00:37]} 17. Qf3 {[%clk 00:31:36]} {[%emt 00:02:48]} Qc5 {[%clk
00:57:19]} {[%emt 00:01:39]} 18. Rfd1 {[%clk 00:29:59]} {[%emt 00:02:07]} Re7
{[%clk 00:57:26]} {[%emt 00:00:22]} 19. Rd3 {[%clk 00:29:34]} {[%emt 00:00:55]}
Rf8 {[%clk 00:57:14]} {[%emt 00:00:41]} 20. g3 {[%clk 00:22:12]} {[%emt
00:07:53]} Qc4 {[%clk 00:48:33]} {[%emt 00:09:11]} 21. Qd1 {[%clk 00:20:55]}
{[%emt 00:01:47]} g5 {[%clk 00:48:50]} {[%emt 00:00:14]} 22. b3 {[%clk
00:17:01]} {[%emt 00:04:23]} Qc5 {[%clk 00:44:46]} {[%emt 00:04:35]} 23. Ne2
{[%clk 00:15:12]} {[%emt 00:02:19]} f4 {[%clk 00:41:02]} {[%emt 00:04:13]} 24.
exf4 {[%clk 00:10:12]} {[%emt 00:05:30]} gxf4 {[%clk 00:41:26]} {[%emt
00:00:06]} 25. gxf4 {[%clk 00:08:14]} {[%emt 00:02:28]} Rg7+ {[%clk 00:39:49]}
{[%emt 00:02:07]} 26. Rg3 {[%clk 00:06:56]} {[%emt 00:01:48]} Rxg3+ {[%clk
00:39:45]} {[%emt 00:00:34]} 27. Nxg3 {[%clk 00:07:25]} {[%emt 00:00:02]} Rxf4
{[%clk 00:39:54]} {[%emt 00:00:20]} 28. Qe2 {[%clk 00:05:12]} {[%emt 00:02:43]}
Rxf2 {[%clk 00:38:26]} {[%emt 00:01:58]} 29. Qxf2 {[%clk 00:05:41]} {[%emt
00:00:01]} Bd4 {[%clk 00:38:50]} {[%emt 00:00:06]} 30. Rf1 {[%clk 00:05:17]}
{[%emt 00:00:54]} Bxf2+ {[%clk 00:38:33]} {[%emt 00:00:47]} 31. Rxf2 {[%clk
00:05:46]} {[%emt 00:00:01]} Qa3 {[%clk 00:38:44]} {[%emt 00:00:18]} 32. Nf5
{[%clk 00:05:03]} {[%emt 00:01:13]} Qxa2 {[%clk 00:38:44]} {[%emt 00:00:30]} 33.
Ne7+ {[%clk 00:04:07]} {[%emt 00:01:26]} Kg7 {[%clk 00:39:08]} {[%emt
00:00:06]} 34. Nf5+ {[%clk 00:04:21]} {[%emt 00:00:16]} Kg6 {[%clk 00:39:30]}
{[%emt 00:00:08]} 35. Kg2 {[%clk 00:03:49]} {[%emt 00:01:02]} Qa1 {[%clk
00:39:27]} {[%emt 00:00:31]} 36. Ne7+ {[%clk 00:03:21]} {[%emt 00:01:00]} Kg7
{[%clk 00:39:53]} {[%emt 00:00:05]} 37. Nf5+ {[%clk 00:03:42]} {[%emt
00:00:08]} Kf6 {[%clk 00:40:17]} {[%emt 00:00:06]} 38. Nd6+ {[%clk 00:03:53]}
{[%emt 00:00:19]} Ke5 {[%emt 00:00:29]} 0-1

[Event "European Chess Club Cup 2023"]
[Site "Durres, Albania"]
[Date "2023.10.01"]
[Round "1.5"]
[White "Nisipeanu, Liviu-Dieter"]
[Black "Ribstein, Orel"]
[Result "1-0"]
[TimeControl "90' + 30' & 30\""]
[WhiteElo "2600"]
[BlackElo "1975"]

1. e4 {[%clk 01:30:56]} {[%emt 00:00:02]} c5 {[%clk 01:30:50]} {[%emt
00:00:11]} 2. Nf3 {[%clk 01:31:20]} {[%emt 00:00:05]} d6 {[%clk 01:31:13]}
{[%emt 00:00:08]} 3. c3 {[%clk 01:31:39]} {[%emt 00:00:11]} Nf6 {[%clk
01:28:50]} {[%emt 00:02:55]} 4. Be2 {[%clk 01:32:00]} {[%emt 00:00:07]} Bd7
{[%clk 01:16:05]} {[%emt 00:13:16]} 5. e5 {[%clk 01:30:38]} {[%emt 00:01:51]}
dxe5 {[%clk 01:15:33]} {[%emt 00:01:02]} 6. Nxe5 {[%clk 01:30:59]} {[%emt
00:00:09]} Nc6 {[%clk 01:15:32]} {[%emt 00:00:32]} 7. Nxd7 {[%clk 01:31:14]}
{[%emt 00:00:15]} Qxd7 {[%clk 01:15:56]} {[%emt 00:00:06]} 8. O-O {[%clk
01:31:31]} {[%emt 00:00:12]} e6 {[%clk 01:14:39]} {[%emt 00:01:48]} 9. d3
{[%clk 01:28:31]} {[%emt 00:03:29]} Bd6 {[%clk 01:10:42]} {[%emt 00:04:27]} 10.
Na3 {[%clk 01:27:41]} {[%emt 00:01:21]} Nd5 {[%clk 00:59:26]} {[%emt 00:11:46]}
11. g3 {[%clk 01:25:46]} {[%emt 00:02:24]} O-O {[%clk 00:59:36]} {[%emt
00:00:21]} 12. Nc4 {[%clk 01:26:09]} {[%emt 00:00:06]} Be7 {[%clk 00:54:59]}
{[%emt 00:05:08]} 13. a4 {[%clk 01:26:22]} {[%emt 00:00:17]} Rad8 {[%clk
00:55:05]} {[%emt 00:00:24]} 14. Qb3 {[%clk 01:24:46]} {[%emt 00:02:08]} Qc7
{[%clk 00:50:18]} {[%emt 00:05:14]} 15. Bf3 {[%clk 01:22:26]} {[%emt 00:02:49]}
Rd7 {[%clk 00:48:05]} {[%emt 00:02:45]} 16. Re1 {[%clk 01:15:13]} {[%emt
00:07:42]} Rfd8 {[%clk 00:47:57]} {[%emt 00:00:38]} 17. Bg2 {[%clk 01:15:36]}
{[%emt 00:00:07]} Bf6 {[%clk 00:43:47]} {[%emt 00:04:40]} 18. a5 {[%clk
01:14:38]} {[%emt 00:01:29]} Ne5 {[%clk 00:33:05]} {[%emt 00:11:13]} 19. Be4
{[%clk 01:04:14]} {[%emt 00:10:53]} h6 {[%clk 00:11:36]} {[%emt 00:22:00]} 20.
Qb5 {[%clk 01:00:11]} {[%emt 00:04:32]} Qc6 {[%clk 00:05:04]} {[%emt 00:07:03]}
21. Qb3 {[%clk 00:57:52]} {[%emt 00:02:49]} Qc7 {[%clk 00:05:33]} {[%emt
00:00:02]} 22. Kg2 {[%clk 00:57:40]} {[%emt 00:00:41]} Nc6 {[%clk 00:01:55]}
{[%emt 00:04:08]} 23. a6 {[%clk 00:53:50]} {[%emt 00:04:20]} b6 {[%clk
00:01:59]} {[%emt 00:00:26]} 24. Na3 {[%clk 00:54:11]} {[%emt 00:00:08]} Na5
{[%clk 00:01:12]} {[%emt 00:01:18]} 25. Qa4 {[%clk 00:53:18]} {[%emt 00:01:23]}
Qc8 {[%clk 00:00:42]} {[%emt 00:01:00]} 26. Bd2 {[%clk 00:51:18]} {[%emt
00:02:29]} Be7 {[%clk 00:00:34]} {[%emt 00:00:40]} 27. b4 {[%clk 00:49:07]}
{[%emt 00:02:40]} Nc6 {[%clk 00:00:40]} {[%emt 00:00:24]} 28. bxc5 {[%clk
00:46:44]} {[%emt 00:02:52]} bxc5 {[%clk 00:00:35]} {[%emt 00:00:35]} 29. Nc4
{[%clk 00:46:11]} {[%emt 00:01:02]} Nb8 {[%clk 00:00:37]} {[%emt 00:00:29]} 30.
Reb1 {[%clk 00:43:59]} {[%emt 00:02:42]} Bf6 {[%clk 00:00:35]} {[%emt
00:00:33]} 31. Ra3 {[%clk 00:43:45]} {[%emt 00:00:43]} Be7 {[%clk 00:00:37]}
{[%emt 00:00:29]} 32. h4 {[%clk 00:37:17]} {[%emt 00:06:57]} Bf8 {[%clk
00:00:38]} {[%emt 00:00:30]} 33. Bf3 {[%clk 00:31:30]} {[%emt 00:06:16]} Be7
{[%clk 00:00:44]} {[%emt 00:00:25]} 34. Ne3 {[%clk 00:25:29]} {[%emt 00:06:30]}
Nxe3+ {[%clk 00:00:34]} {[%emt 00:00:41]} 35. Bxe3 {[%clk 00:25:53]} {[%emt
00:00:06]} Rxd3 {[%clk 00:00:46]} {[%emt 00:00:17]} 36. Rb7 {[%clk 00:26:18]}
{[%emt 00:00:05]} Bf6 {[%clk 00:00:33]} {[%emt 00:00:43]} 37. Rxa7 {[%clk
00:25:32]} {[%emt 00:01:17]} Rxe3 {[%clk 00:00:32]} {[%emt 00:00:31]} 38. fxe3
{[%clk 00:25:31]} {[%emt 00:00:30]} Rd2+ {[%clk 00:00:50]} {[%emt 00:00:13]} 39.
Kh3 {[%clk 00:25:54]} {[%emt 00:00:06]} g5 {[%clk 00:00:34]} {[%emt 00:00:46]}
40. Ra8 {[%clk 00:25:32]} {[%emt 00:00:52]} h5 {[%clk 00:00:33]} {[%emt
00:00:33]} 41. a7 {[%clk 00:24:31]} {[%emt 00:01:30]} e5+ {[%clk 00:00:34]}
{[%emt 00:00:29]} 42. g4 {[%clk 00:24:18]} {[%emt 00:00:42]} 1-0